000 00257nam a2200109Ia 4500
008 190913s9999||||xx |||||||||||||| ||und||
100 _aMichael A.Hitt
245 0 _aStrategic Management
260 _aIndia
_bMcGraw Hill
_c1998
300 _a207
942 _cBK
999 _c8236
_d8236